[Event "Campeonato de España Rapid 2017"]
[Site "Linares"]
[Date "2017.08.13"]
[Round "8"]
[White "Podvin, Francois-xavier"]
[Black "Perez Mitjans, Orelvis"]
[Result "1-0"]
[Board "16"]
[WhiteElo "2194"]
[WhiteCountry "FRA"]
[WhiteFideId "677540"]
[WhiteEloChange "16"]
[BlackTitle "GM"]
[BlackElo "2435"]
[BlackCountry "ESP"]
[BlackFideId "3502856"]
[BlackEloChange "-8"]

1. e4 {[%clk 0:15:07]} c5 {[%clk 0:12:26]} 2. Nf3 {[%clk 0:15:06]} g6 {[%clk
0:12:29]} 3. d4 {[%clk 0:15:07]} cxd4 {[%clk 0:12:33]} 4. Nxd4 {[%clk 0:15:11]}
Bg7 {[%clk 0:12:35]} 5. Nc3 {[%clk 0:15:14]} Nc6 {[%clk 0:12:38]} 6. Be3 {[%clk
0:15:17]} Nf6 {[%clk 0:12:42]} 7. Bc4 {[%clk 0:15:17]} Qa5 {[%clk 0:12:46]} 8.
O-O {[%clk 0:15:15]} O-O {[%clk 0:12:49]} 9. Bb3 {[%clk 0:15:16]} d6 {[%clk
0:12:14]} 10. h3 {[%clk 0:15:17]} Bd7 {[%clk 0:12:06]} 11. Re1 {[%clk 0:15:12]}
Rfe8 {[%clk 0:11:50]} 12. Nf3 {[%clk 0:13:30]} Rac8 {[%clk 0:11:01]} 13. Bg5
{[%clk 0:13:13]} h6 {[%clk 0:09:56]} 14. Bd2 {[%clk 0:12:34]} Qd8 {[%clk
0:09:03]} 15. Nd5 {[%clk 0:11:44]} Nxd5 {[%clk 0:08:36]} 16. exd5 {[%clk
0:11:46]} Na5 {[%clk 0:08:40]} 17. c3 {[%clk 0:11:36]} Nc4 {[%clk 0:08:39]} 18.
Bxc4 {[%clk 0:11:17]} Rxc4 {[%clk 0:08:44]} 19. Be3 {[%clk 0:11:15]} Qa5 {[%clk
0:08:37]} 20. Qd2 {[%clk 0:11:00]} Kh7 {[%clk 0:08:38]} 21. Qd3 {[%clk 0:10:40]}
Rc7 {[%clk 0:08:26]} 22. h4 {[%clk 0:10:28]} Bf5 {[%clk 0:08:18]} 23. Qd2 {[%clk
0:10:29]} Be4 {[%clk 0:08:20]} 24. Bb6 {[%clk 0:09:33]} Qxb6 {[%clk 0:08:24]} 25.
Rxe4 {[%clk 0:09:36]} Qa6 {[%clk 0:07:23]} 26. Qf4 {[%clk 0:08:49]} Kg8 {[%clk
0:06:29]} 27. h5 {[%clk 0:08:34]} g5 {[%clk 0:05:59]} 28. Nxg5 {[%clk 0:07:41]}
hxg5 {[%clk 0:06:03]} 29. Qxg5 {[%clk 0:07:44]} Kh8 {[%clk 0:06:04]} 30. Rg4
{[%clk 0:07:46]} 1-0

[Event "Campeonato de España Rapid 2017"]
[Site "Linares"]
[Date "2017.08.13"]
[Round "8"]
[White "Alsina Leal, Daniel"]
[Black "Vega Gutierrez, Sabrina"]
[Result "1-0"]
[Board "18"]
[WhiteTitle "GM"]
[WhiteElo "2531"]
[WhiteCountry "ESP"]
[WhiteFideId "2252627"]
[WhiteEloChange "2"]
[BlackTitle "IM"]
[BlackElo "2294"]
[BlackCountry "ESP"]
[BlackFideId "2219026"]
[BlackEloChange "-4"]

1. e4 {[%clk 0:15:09]} c5 {[%clk 0:14:59]} 2. c3 {[%clk 0:15:11]} d5 {[%clk
0:15:01]} 3. exd5 {[%clk 0:15:15]} Qxd5 {[%clk 0:15:04]} 4. d4 {[%clk 0:15:19]}
e6 {[%clk 0:15:02]} 5. Nf3 {[%clk 0:15:22]} Nf6 {[%clk 0:15:05]} 6. Na3 {[%clk
0:15:25]} Nc6 {[%clk 0:13:59]} 7. Be3 {[%clk 0:15:23]} cxd4 {[%clk 0:13:48]} 8.
Nb5 {[%clk 0:15:26]} Qd8 {[%clk 0:13:51]} 9. Nbxd4 {[%clk 0:15:28]} Nxd4 {[%clk
0:12:42]} 10. Bxd4 {[%clk 0:15:32]} Be7 {[%clk 0:12:37]} 11. Qc2 {[%clk 0:15:24]}
Qa5 {[%clk 0:10:05]} 12. Bd3 {[%clk 0:14:52]} Bd7 {[%clk 0:09:41]} 13. O-O {[%clk
0:14:26]} Qh5 {[%clk 0:05:25]} 14. h3 {[%clk 0:13:13]} O-O {[%clk 0:05:28]} 15.
Ne5 {[%clk 0:13:07]} Bc6 {[%clk 0:05:16]} 16. Nxc6 {[%clk 0:12:31]} bxc6 {[%clk
0:05:20]} 17. Be2 {[%clk 0:12:28]} Qf5 {[%clk 0:05:04]} 18. Qxf5 {[%clk 0:12:14]}
exf5 {[%clk 0:05:08]} 19. Bf3 {[%clk 0:12:03]} Rfc8 {[%clk 0:00:24]} 20. Rfe1
{[%clk 0:11:54]} Kf8 {[%clk 0:00:28]} 21. Re5 {[%clk 0:10:02]} Rab8 {[%clk
0:00:10]} 22. b4 {[%clk 0:09:54]} Nd7 {[%clk 0:00:07]} 23. Rxf5 {[%clk 0:07:58]}
c5 {[%clk 0:00:11]} 24. bxc5 {[%clk 0:07:58]} Bxc5 {[%clk 0:00:14]} 25. Bd5
{[%clk 0:07:56]} f6 {[%clk 0:00:14]} 26. Be6 {[%clk 0:07:31]} Bxd4 {[%clk
0:00:12]} 27. cxd4 {[%clk 0:06:47]} Ke7 {[%clk 0:00:17]} 28. Re1 {[%clk 0:06:43]}
Rc7 {[%clk 0:00:09]} 29. Bxd7+ {[%clk 0:05:54]} Kxd7 {[%clk 0:00:12]} 30. Rd5+
{[%clk 0:05:58]} Kc6 {[%clk 0:00:06]} 31. Rc5+ {[%clk 0:05:57]} Kd6 {[%clk
0:00:08]} 32. Rxc7 {[%clk 0:06:00]} Kd5 {[%clk 0:15:05]} 1-0

[Event "Campeonato de España Rapid 2017"]
[Site "Linares"]
[Date "2017.08.13"]
[Round "8"]
[White "Tejedor Fuente, Enrique"]
[Black "Oliva Castaneda, Kevel"]
[Result "0-1"]
[Board "19"]
[WhiteTitle "FM"]
[WhiteElo "2313"]
[WhiteCountry "ESP"]
[WhiteFideId "2299100"]
[WhiteEloChange "-5"]
[BlackTitle "IM"]
[BlackElo "2516"]
[BlackCountry "CUB"]
[BlackFideId "3500799"]
[BlackEloChange "2"]

1. e4 {[%clk 0:15:05]} c5 {[%clk 0:15:10]} 2. Nf3 {[%clk 0:15:07]} d6 {[%clk
0:15:14]} 3. c3 {[%clk 0:14:56]} Nf6 {[%clk 0:15:18]} 4. Bd3 {[%clk 0:14:54]} b6
{[%clk 0:15:17]} 5. O-O {[%clk 0:14:55]} Bb7 {[%clk 0:15:18]} 6. Re1 {[%clk
0:14:59]} Nbd7 {[%clk 0:15:22]} 7. Bc2 {[%clk 0:14:58]} e5 {[%clk 0:14:40]} 8. d4
{[%clk 0:15:00]} Be7 {[%clk 0:14:43]} 9. Nbd2 {[%clk 0:14:56]} O-O {[%clk
0:14:41]} 10. dxe5 {[%clk 0:15:00]} Nxe5 {[%clk 0:14:03]} 11. Nxe5 {[%clk
0:14:59]} dxe5 {[%clk 0:14:07]} 12. Qe2 {[%clk 0:14:54]} Qc7 {[%clk 0:13:47]} 13.
Nf1 {[%clk 0:14:30]} Rfd8 {[%clk 0:13:28]} 14. Bg5 {[%clk 0:14:17]} Ne8 {[%clk
0:13:21]} 15. Bxe7 {[%clk 0:14:12]} Qxe7 {[%clk 0:13:24]} 16. Ne3 {[%clk
0:14:09]} Qg5 {[%clk 0:12:26]} 17. a4 {[%clk 0:13:54]} Nf6 {[%clk 0:12:03]} 18.
f3 {[%clk 0:13:45]} Nh5 {[%clk 0:11:58]} 19. Kh1 {[%clk 0:08:13]} Rd6 {[%clk
0:11:28]} 20. Qf2 {[%clk 0:07:42]} Nf4 {[%clk 0:09:10]} 21. Rad1 {[%clk 0:06:59]}
Rad8 {[%clk 0:09:03]} 22. Rxd6 {[%clk 0:06:18]} Rxd6 {[%clk 0:09:06]} 23. Rd1
{[%clk 0:05:48]} Rxd1+ {[%clk 0:08:32]} 24. Nxd1 {[%clk 0:05:49]} h5 {[%clk
0:07:59]} 25. g3 {[%clk 0:05:16]} Nh3 {[%clk 0:07:32]} 26. Qe3 {[%clk 0:04:50]}
Qf6 {[%clk 0:07:06]} 27. Kg2 {[%clk 0:04:39]} Ng5 {[%clk 0:06:46]} 28. h4 {[%clk
0:04:42]} Ne6 {[%clk 0:06:45]} 29. Nf2 {[%clk 0:04:25]} Ba6 {[%clk 0:06:32]} 30.
b3 {[%clk 0:03:43]} c4 {[%clk 0:04:47]} 31. b4 {[%clk 0:03:08]} Qd8 {[%clk
0:04:50]} 32. a5 {[%clk 0:01:56]} Bb5 {[%clk 0:04:18]} 33. axb6 {[%clk 0:01:53]}
axb6 {[%clk 0:04:22]} 34. Qc1 {[%clk 0:01:50]} Qa8 {[%clk 0:03:47]} 35. Nd1
{[%clk 0:01:28]} Qa2 {[%clk 0:03:29]} 36. Qb1 {[%clk 0:01:19]} Qa3 {[%clk
0:02:55]} 37. Qb2 {[%clk 0:01:17]} Qa8 {[%clk 0:02:38]} 38. Ne3 {[%clk 0:01:18]}
Qd8 {[%clk 0:02:40]} 39. Qc1 {[%clk 0:01:15]} g5 {[%clk 0:02:31]} 40. Nf5 {[%clk
0:00:18]} gxh4 {[%clk 0:02:25]} 41. Nxh4 {[%clk 0:00:14]} Nf4+ {[%clk 0:02:14]}
42. gxf4 {[%clk 0:00:08]} Qxh4 {[%clk 0:02:17]} 43. fxe5 Bd7 {[%clk 0:02:21]} 44.
Qg1 {[%clk 0:00:07]} Bh3+ {[%clk 0:02:18]} 45. Kh1+ {[%clk 0:00:06]} Bg4+ {[%clk
0:02:21]} 46. Qh2 {[%clk 0:00:06]} Bxf3+ {[%clk 0:02:22]} 47. Kg1 {[%clk
0:00:11]} Qe1# {[%clk 0:02:22]} 0-1

[Event "Campeonato de España Rapid 2017"]
[Site "Linares"]
[Date "2017.08.13"]
[Round "8"]
[White "Suarez Gomez, Julio"]
[Black "Vila Gazquez, Xavier"]
[Result "1-0"]
[Board "20"]
[WhiteTitle "FM"]
[WhiteElo "2305"]
[WhiteCountry "ESP"]
[WhiteFideId "22275991"]
[WhiteEloChange "14"]
[BlackTitle "GM"]
[BlackElo "2473"]
[BlackCountry "ESP"]
[BlackFideId "2261090"]
[BlackEloChange "-7"]

1. d4 {[%clk 0:15:08]} Nf6 {[%clk 0:15:04]} 2. Nf3 {[%clk 0:15:08]} d5 {[%clk
0:14:35]} 3. Bf4 {[%clk 0:14:54]} g6 {[%clk 0:13:26]} 4. e3 {[%clk 0:14:28]} Bg7
{[%clk 0:13:30]} 5. h3 {[%clk 0:14:05]} O-O {[%clk 0:12:43]} 6. Be2 {[%clk
0:14:07]} c5 {[%clk 0:11:59]} 7. c3 {[%clk 0:13:34]} Nbd7 {[%clk 0:11:07]} 8. O-O
{[%clk 0:13:35]} b6 {[%clk 0:11:10]} 9. a4 {[%clk 0:13:36]} Bb7 {[%clk 0:11:08]}
10. Nbd2 {[%clk 0:13:35]} Ne4 {[%clk 0:11:02]} 11. a5 {[%clk 0:12:24]} Nxd2
{[%clk 0:10:12]} 12. Nxd2 {[%clk 0:11:41]} c4 {[%clk 0:09:22]} 13. e4 {[%clk
0:10:55]} dxe4 {[%clk 0:08:41]} 14. Nxc4 {[%clk 0:10:45]} Nf6 {[%clk 0:02:22]}
15. Qb3 {[%clk 0:09:04]} Nd5 {[%clk 0:01:49]} 16. Bh2 {[%clk 0:09:01]} Bc6 {[%clk
0:01:20]} 17. Ne5 {[%clk 0:08:30]} Bxe5 {[%clk 0:00:35]} 18. Bxe5 {[%clk
0:08:15]} Rc8 {[%clk 0:00:14]} 19. Ba6 {[%clk 0:07:51]} Ra8 {[%clk 0:00:10]} 20.
c4 {[%clk 0:07:55]} Nc7 {[%clk 0:00:09]} 21. axb6 {[%clk 0:07:52]} Nxa6 {[%clk
0:00:08]} 22. Rxa6 {[%clk 0:07:52]} axb6 {[%clk 0:00:10]} 23. Rxb6 {[%clk
0:07:51]} Rc8 24. d5 {[%clk 0:07:37]} Ba8 {[%clk 0:00:09]} 25. Bd4 {[%clk
0:07:23]} Qc7 {[%clk 0:00:07]} 26. c5 {[%clk 0:07:10]} Rfd8 {[%clk 0:00:11]} 27.
c6 {[%clk 0:06:15]} Qd6 {[%clk 0:00:16]} 28. Rb5 {[%clk 0:05:46]} Bxc6 {[%clk
0:00:20]} 29. dxc6 {[%clk 0:05:32]} Qxd4 {[%clk 0:00:23]} 30. Rc1 {[%clk
0:05:29]} Rc7 {[%clk 0:00:07]} 31. Rb7 {[%clk 0:04:57]} Qd2 {[%clk 0:00:02]} 32.
Qe3 {[%clk 0:04:03]} Qd6 {[%clk 0:00:02]} 33. Rxc7 {[%clk 0:04:04]} Qxc7 {[%clk
0:00:11]} 34. Qxe4 {[%clk 0:04:05]} Rb8 {[%clk 0:00:11]} 35. b4 {[%clk 0:04:04]}
e6 {[%clk 0:00:07]} 36. Qc4 {[%clk 0:04:01]} Rd8 {[%clk 0:00:06]} 37. b5 {[%clk
0:04:03]} Rd2 {[%clk 0:00:11]} 38. Qc5 {[%clk 0:04:03]} Rb2 {[%clk 0:00:13]} 39.
b6 {[%clk 0:04:01]} 1-0

[Event "Campeonato de España Rapid 2017"]
[Site "Linares"]
[Date "2017.08.13"]
[Round "8"]
[White "Ibanez Aullana, Ramon"]
[Black "Ortega Ruiz, Jose Miguel"]
[Result "0-1"]
[Board "21"]
[WhiteTitle "FM"]
[WhiteElo "2263"]
[WhiteCountry "ESP"]
[WhiteFideId "2207532"]
[WhiteEloChange "-5"]
[BlackTitle "FM"]
[BlackElo "2447"]
[BlackCountry "ESP"]
[BlackFideId "2209713"]
[BlackEloChange "3"]

1. e4 {[%clk 0:12:33]} d5 {[%clk 0:15:09]} 2. exd5 {[%clk 0:12:37]} Qxd5 {[%clk
0:15:13]} 3. Nc3 {[%clk 0:12:28]} Qa5 {[%clk 0:15:18]} 4. Nf3 {[%clk 0:12:29]}
Nf6 {[%clk 0:15:22]} 5. Bc4 {[%clk 0:12:25]} Bg4 {[%clk 0:15:22]} 6. h3 {[%clk
0:12:23]} Bh5 {[%clk 0:15:24]} 7. d3 {[%clk 0:12:05]} Nbd7 {[%clk 0:14:05]} 8.
Bd2 {[%clk 0:11:34]} Qb6 {[%clk 0:13:51]} 9. g4 {[%clk 0:11:15]} Bg6 {[%clk
0:13:55]} 10. g5 {[%clk 0:11:09]} Nh5 {[%clk 0:13:59]} 11. Nd5 {[%clk 0:11:07]}
Qd6 {[%clk 0:13:35]} 12. Ba5 {[%clk 0:08:34]} b6 {[%clk 0:13:29]} 13. Bb4 {[%clk
0:08:36]} c5 {[%clk 0:13:33]} 14. Bd2 {[%clk 0:08:35]} e6 {[%clk 0:13:37]} 15.
Nc3 {[%clk 0:08:36]} a6 {[%clk 0:13:04]} 16. a4 {[%clk 0:08:12]} Be7 {[%clk
0:13:07]} 17. Nh4 {[%clk 0:07:44]} Ne5 {[%clk 0:12:10]} 18. f4 {[%clk 0:07:00]}
Nxc4 {[%clk 0:12:11]} 19. dxc4 {[%clk 0:07:03]} Qc6 {[%clk 0:11:45]} 20. O-O
{[%clk 0:06:32]} Rd8 {[%clk 0:11:36]} 21. f5 {[%clk 0:06:16]} Ng3 {[%clk
0:10:37]} 22. fxg6 {[%clk 0:05:05]} Qh1+ {[%clk 0:10:41]} 23. Kf2 {[%clk
0:05:09]} Nxf1 {[%clk 0:10:45]} 24. gxf7+ {[%clk 0:05:07]} Kf8 {[%clk 0:09:47]}
25. Qxf1 {[%clk 0:04:29]} Rxd2+ {[%clk 0:09:46]} 26. Ke1 {[%clk 0:04:07]} Qxf1+
{[%clk 0:09:48]} 27. Kxf1 {[%clk 0:04:11]} Kxf7 {[%clk 0:09:52]} 28. Nf3 {[%clk
0:03:42]} Rxc2 {[%clk 0:09:56]} 29. Ne5+ {[%clk 0:03:40]} Ke8 {[%clk 0:10:00]}
30. a5 {[%clk 0:03:29]} Rf8+ {[%clk 0:10:03]} 31. Kg1 {[%clk 0:03:11]} bxa5
{[%clk 0:09:40]} 32. Rxa5 {[%clk 0:03:07]} Bxg5 {[%clk 0:09:43]} 33. Ng4 {[%clk
0:02:38]} h5 {[%clk 0:09:12]} 34. Rxc5 {[%clk 0:02:24]} hxg4 {[%clk 0:09:15]} 0-1

[Event "Campeonato de España Rapid 2017"]
[Site "Linares"]
[Date "2017.08.13"]
[Round "8"]
[White "Almagro Llamas, Pablo"]
[Black "Vinuela Diaz, Saul"]
[Result "1-0"]
[Board "22"]
[WhiteTitle "IM"]
[WhiteElo "2446"]
[WhiteCountry "ESP"]
[WhiteFideId "2221799"]
[WhiteEloChange "2"]
[BlackElo "2216"]
[BlackCountry "ESP"]
[BlackFideId "2239639"]
[BlackEloChange "-4"]

1. d4 {[%clk 0:15:07]} Nf6 {[%clk 0:15:09]} 2. Nf3 {[%clk 0:15:10]} e6 {[%clk
0:15:13]} 3. e3 {[%clk 0:15:11]} d5 {[%clk 0:14:55]} 4. c4 {[%clk 0:15:14]} Be7
{[%clk 0:14:11]} 5. b3 {[%clk 0:15:12]} O-O {[%clk 0:14:12]} 6. Nbd2 {[%clk
0:15:14]} b6 {[%clk 0:14:13]} 7. Bb2 {[%clk 0:15:16]} Bb7 {[%clk 0:14:15]} 8. Bd3
{[%clk 0:15:18]} c5 {[%clk 0:14:13]} 9. O-O {[%clk 0:15:19]} Nbd7 {[%clk
0:14:09]} 10. Qe2 {[%clk 0:15:20]} a5 {[%clk 0:14:04]} 11. a4 {[%clk 0:14:30]}
Ne4 {[%clk 0:13:16]} 12. Rfd1 {[%clk 0:14:15]} Qc7 {[%clk 0:12:41]} 13. Rac1
{[%clk 0:14:04]} Rac8 {[%clk 0:12:27]} 14. cxd5 {[%clk 0:13:47]} exd5 {[%clk
0:12:22]} 15. dxc5 {[%clk 0:12:48]} Ndxc5 {[%clk 0:12:16]} 16. Nd4 {[%clk
0:12:01]} Rfd8 {[%clk 0:11:46]} 17. Nf5 {[%clk 0:07:59]} Bf8 {[%clk 0:11:10]} 18.
Nxe4 {[%clk 0:07:20]} dxe4 {[%clk 0:11:09]} 19. Nh6+ {[%clk 0:07:03]} Kh8 {[%clk
0:10:57]} 20. Bc4 {[%clk 0:07:06]} Rxd1+ {[%clk 0:08:53]} 21. Qxd1 {[%clk
0:06:52]} Qe7 {[%clk 0:06:14]} 22. Nxf7+ {[%clk 0:06:27]} Kg8 {[%clk 0:06:18]}
23. Ng5+ {[%clk 0:05:15]} Kh8 {[%clk 0:06:13]} 24. Qh5 {[%clk 0:05:07]} 1-0

[Event "Campeonato de España Rapid 2017"]
[Site "Linares"]
[Date "2017.08.13"]
[Round "8"]
[White "Garcia Molina, Francisco Miguel"]
[Black "Rubio Mejia, Luis Ignacio"]
[Result "1/2-1/2"]
[Board "23"]
[WhiteElo "2205"]
[WhiteCountry "ESP"]
[WhiteFideId "2278219"]
[WhiteEloChange "6"]
[BlackTitle "IM"]
[BlackElo "2437"]
[BlackCountry "ESP"]
[BlackFideId "2281228"]
[BlackEloChange "-3"]

1. d4 {[%clk 0:15:09]} Nf6 {[%clk 0:15:09]} 2. Nf3 {[%clk 0:15:12]} e6 {[%clk
0:15:12]} 3. e3 {[%clk 0:15:15]} b6 {[%clk 0:15:05]} 4. Bd3 {[%clk 0:15:19]} Bb7
{[%clk 0:15:09]} 5. Nbd2 {[%clk 0:15:22]} c5 {[%clk 0:15:02]} 6. b3 {[%clk
0:15:16]} cxd4 {[%clk 0:14:30]} 7. exd4 {[%clk 0:15:11]} d6 {[%clk 0:13:41]} 8.
O-O {[%clk 0:15:06]} Nbd7 {[%clk 0:13:37]} 9. Bb2 {[%clk 0:15:00]} Be7 {[%clk
0:13:26]} 10. Re1 {[%clk 0:15:09]} O-O {[%clk 0:13:24]} 11. c4 {[%clk 0:15:08]}
Re8 {[%clk 0:13:21]} 12. Qe2 {[%clk 0:15:07]} Bf8 {[%clk 0:13:23]} 13. Ne4 {[%clk
0:14:27]} Rc8 {[%clk 0:10:35]} 14. Rac1 {[%clk 0:13:52]} Nxe4 {[%clk 0:08:50]}
15. Bxe4 {[%clk 0:13:55]} Bxe4 {[%clk 0:08:54]} 16. Qxe4 {[%clk 0:13:59]} d5
{[%clk 0:08:52]} 17. Qe3 {[%clk 0:12:57]} dxc4 {[%clk 0:07:26]} 18. bxc4 {[%clk
0:13:00]} Bd6 {[%clk 0:06:18]} 19. Ba3 {[%clk 0:12:07]} Qc7 {[%clk 0:05:26]} 20.
Bxd6 {[%clk 0:11:06]} Qxd6 {[%clk 0:05:29]} 21. Re2 {[%clk 0:09:03]} Red8 {[%clk
0:05:15]} 22. Rec2 {[%clk 0:09:00]} Nb8 {[%clk 0:03:58]} 23. c5 {[%clk 0:07:45]}
bxc5 {[%clk 0:03:16]} 24. dxc5 {[%clk 0:06:36]} Qa6 {[%clk 0:02:56]} 25. Nd4
{[%clk 0:03:23]} Nc6 {[%clk 0:02:49]} 26. Nb3 {[%clk 0:03:24]} Rd5 {[%clk
0:02:15]} 27. Rd2 {[%clk 0:02:17]} Rcd8 {[%clk 0:01:46]} 28. Rcd1 {[%clk
0:02:13]} Qc4 {[%clk 0:00:53]} 29. Rxd5 {[%clk 0:02:11]} Rxd5 {[%clk 0:00:56]}
30. Rxd5 {[%clk 0:02:11]} Qxd5 {[%clk 0:01:00]} 31. h3 {[%clk 0:02:04]} Kf8
{[%clk 0:00:36]} 32. Qe2 {[%clk 0:01:40]} Ke7 {[%clk 0:00:24]} 33. Qg4 {[%clk
0:01:32]} Kf8 {[%clk 0:00:18]} 34. Qa4 {[%clk 0:01:23]} Qd1+ {[%clk 0:00:12]} 35.
Kh2 {[%clk 0:01:27]} Qd7 {[%clk 0:00:10]} 36. Qe4 {[%clk 0:01:10]} g6 {[%clk
0:00:09]} 37. Kg1 {[%clk 0:01:00]} h5 {[%clk 0:00:11]} 38. Qe3 {[%clk 0:00:58]}
Ke7 {[%clk 0:00:10]} 39. Qg5+ {[%clk 0:01:01]} Ke8 {[%clk 0:00:13]} 40. Qf4
{[%clk 0:00:52]} Ke7 {[%clk 0:00:14]} 41. Qg5+ {[%clk 0:00:56]} Ke8 {[%clk
0:00:18]} 42. Qf4 {[%clk 0:01:00]} Ke7 {[%clk 0:00:20]} 43. Qa4 {[%clk 0:00:43]}
Kf8 44. Qb5 {[%clk 0:00:43]} 1/2-1/2

[Event "Campeonato de España Rapid 2017"]
[Site "Linares"]
[Date "2017.08.13"]
[Round "8"]
[White "Matnadze, Ana"]
[Black "Silva Rodriguez, Fernando"]
[Result "1-0"]
[Board "24"]
[WhiteTitle "IM"]
[WhiteElo "2436"]
[WhiteCountry "ESP"]
[WhiteFideId "13601377"]
[WhiteEloChange "2"]
[BlackElo "2231"]
[BlackCountry "ESP"]
[BlackFideId "2215268"]
[BlackEloChange "-5"]

1. d4 {[%clk 0:15:07]} d5 {[%clk 0:14:36]} 2. Nf3 {[%clk 0:15:09]} Nf6 {[%clk
0:14:39]} 3. g3 {[%clk 0:15:13]} c5 {[%clk 0:14:37]} 4. c4 {[%clk 0:15:15]} cxd4
{[%clk 0:13:57]} 5. Bg2 {[%clk 0:15:17]} Nc6 {[%clk 0:13:42]} 6. Qa4 {[%clk
0:15:15]} dxc4 {[%clk 0:11:23]} 7. Nxd4 {[%clk 0:15:15]} Qxd4 {[%clk 0:10:56]} 8.
Bxc6+ {[%clk 0:15:17]} Bd7 {[%clk 0:10:51]} 9. Be3 {[%clk 0:14:04]} Qxb2 {[%clk
0:09:50]} 10. Bxd7+ {[%clk 0:14:06]} Nxd7 {[%clk 0:09:52]} 11. O-O {[%clk
0:14:07]} b5 {[%clk 0:09:23]} 12. Qa5 {[%clk 0:13:38]} e6 {[%clk 0:07:50]} 13.
Rd1 {[%clk 0:12:30]} Bc5 {[%clk 0:06:07]} 14. Nc3 {[%clk 0:07:52]} Qb4 {[%clk
0:03:15]} 15. Qxb5 {[%clk 0:06:49]} Qxb5 {[%clk 0:03:14]} 16. Nxb5 {[%clk
0:06:53]} Rc8 {[%clk 0:02:58]} 17. Nxa7 {[%clk 0:06:19]} Rc7 {[%clk 0:02:03]} 18.
Nb5 {[%clk 0:06:08]} Rc6 {[%clk 0:01:54]} 19. Nd4 {[%clk 0:05:18]} Rc8 {[%clk
0:01:40]} 20. Rac1 {[%clk 0:05:09]} Ba3 {[%clk 0:01:15]} 21. Rc2 {[%clk 0:05:03]}
Ke7 {[%clk 0:01:13]} 22. Nb5 {[%clk 0:04:47]} Bc5 {[%clk 0:00:57]} 23. Bg5+
{[%clk 0:04:38]} f6 {[%clk 0:00:51]} 24. Bc1 {[%clk 0:04:36]} Rhd8 {[%clk
0:00:53]} 25. Kf1 {[%clk 0:04:08]} Nb6 {[%clk 0:00:54]} 26. Rxd8 {[%clk 0:04:01]}
Kxd8 {[%clk 0:00:50]} 27. e4 {[%clk 0:03:38]} Kd7 {[%clk 0:00:47]} 28. Ke2 {[%clk
0:03:41]} Ra8 {[%clk 0:00:49]} 29. Nc3 {[%clk 0:03:32]} Kc6 {[%clk 0:00:40]} 30.
h4 {[%clk 0:03:24]} Bd4 {[%clk 0:00:29]} 31. Bd2 {[%clk 0:03:23]} Kc5 {[%clk
0:00:34]} 32. h5 {[%clk 0:03:19]} Na4 {[%clk 0:00:21]} 33. Nd1 {[%clk 0:03:15]}
Kb5 {[%clk 0:00:14]} 34. h6 {[%clk 0:03:03]} gxh6 {[%clk 0:00:11]} 35. Bxh6
{[%clk 0:03:02]} Nc5 {[%clk 0:00:12]} 36. f3 {[%clk 0:02:59]} Ra3 {[%clk
0:00:04]} 37. Bc1 {[%clk 0:02:59]} Ra6 {[%clk 0:00:13]} 38. Rd2 {[%clk 0:02:48]}
e5 {[%clk 0:00:15]} 39. Rc2 {[%clk 0:02:47]} h5 {[%clk 0:00:14]} 40. Ne3 {[%clk
0:02:34]} Ra4 {[%clk 0:00:11]} 41. Nd5 {[%clk 0:02:29]} Nd3 {[%clk 0:00:08]} 42.
Bd2 {[%clk 0:02:25]} Ra6 {[%clk 0:00:10]} 43. Nc7+ {[%clk 0:02:26]} Kb6 {[%clk
0:00:07]} 44. Nxa6 {[%clk 0:02:28]} Kxa6 {[%clk 0:00:11]} 45. Rxc4 {[%clk
0:02:32]} Nc5 {[%clk 0:00:13]} 46. a4 {[%clk 0:02:30]} Kb6 {[%clk 0:00:10]} 47.
a5+ {[%clk 0:02:27]} Kb5 {[%clk 0:00:16]} 48. Rb4+ {[%clk 0:02:31]} 1-0

[Event "Campeonato de España Rapid 2017"]
[Site "Linares"]
[Date "2017.08.13"]
[Round "8"]
[White "Espinosa Aranda, Angel"]
[Black "Cuesta Bustos, Raul"]
[Result "1-0"]
[Board "25"]
[WhiteTitle "IM"]
[WhiteElo "2425"]
[WhiteCountry "ESP"]
[WhiteFideId "2278189"]
[WhiteEloChange "1"]
[BlackElo "2087"]
[BlackCountry "ESP"]
[BlackFideId "2221446"]
[BlackEloChange "-3"]

1. Nf3 {[%clk 0:15:07]} Nf6 {[%clk 0:15:09]} 2. c4 {[%clk 0:15:11]} e6 {[%clk
0:15:12]} 3. b3 {[%clk 0:15:09]} d5 {[%clk 0:15:16]} 4. Bb2 {[%clk 0:15:13]} Be7
{[%clk 0:15:19]} 5. e3 {[%clk 0:15:12]} O-O {[%clk 0:15:15]} 6. Qc2 {[%clk
0:15:11]} c6 {[%clk 0:14:34]} 7. Nc3 {[%clk 0:14:59]} b6 {[%clk 0:14:18]} 8. Rg1
{[%clk 0:14:34]} Bb7 {[%clk 0:14:17]} 9. g4 {[%clk 0:14:38]} c5 {[%clk 0:14:09]}
10. g5 {[%clk 0:14:24]} Ne4 {[%clk 0:12:32]} 11. cxd5 {[%clk 0:12:33]} exd5
{[%clk 0:12:29]} 12. Nxe4 {[%clk 0:11:57]} dxe4 {[%clk 0:12:30]} 13. Bc4 {[%clk
0:11:41]} Bd5 {[%clk 0:11:17]} 14. Ne5 {[%clk 0:10:37]} f6 {[%clk 0:09:58]} 15.
Qxe4 {[%clk 0:10:36]} Bxc4 {[%clk 0:07:35]} 16. Qxc4+ {[%clk 0:10:37]} 1-0